logo

Bir Sreshtho Munshi Abdur Rouf Library
Jhenaidah Cadet College

সায়েন্স ফিকশান সমগ্র / (Record no. 3559)

MARC details
000 -LEADER
fixed length control field 00726nam a22002297a 4500
001 - CONTROL NUMBER
JCCL Control Number 3559
003 - CONTROL NUMBER IDENTIFIER
JCCL marc code BD-JhCC
005 - DATE AND TIME OF LATEST TRANSACTION
control field 20200408134007.0
008 - FIXED-LENGTH DATA ELEMENTS--GENERAL INFORMATION
fixed length control field 171114s2014 bg |||| |||| 000 0 ben d
020 ## - INTERNATIONAL STANDARD BOOK NUMBER
International Standard Book Number 9844460425
035 ## - SYSTEM CONTROL NUMBER
system control number (BD-JhCC)3559
040 ## - CATALOGING SOURCE
Original cataloging agency BD-JhCC
Modifying agency BD-JhCC
041 ## - LANGUAGE CODE
Language code of Book ben
082 ## - DEWEY DECIMAL CLASSIFICATION NUMBER
Classification number 891.44
Author mark and Year IQB 2014
100 ## - MAIN ENTRY--PERSONAL NAME
Personal name ইকবাল, মুহম্মদ জাফর
245 ## - TITLE STATEMENT
Title সায়েন্স ফিকশান সমগ্র /
Statement of responsibility, etc মুহম্মদ জাফর ইকবাল
260 ## - PUBLICATION, DISTRIBUTION, ETC. (IMPRINT)
Place of publication, distribution, etc ঢাকা :
Name of publisher, distributor, etc প্রতীক,
Date of publication, distribution, etc ২০১৪.
300 ## - PHYSICAL DESCRIPTION
Pagination ৫০৩ পৃ. :
Dimensions ২২ সেমি.
650 ## - SUBJECT ADDED ENTRY--TOPICAL TERM
Topical term or geographic name as entry element Collection of Stories
942 ## - ADDED ENTRY ELEMENTS (KOHA)
Source of classification or shelving scheme Dewey Decimal Classification
Koha item type Books
Koha issues (borrowed), all copies 31
Holdings
Source of classification or shelving scheme volume number Damaged status Not for loan Home library Current library Shelving location Date of accession Cost, normal purchase price Total Checkouts Total Renewals Full call number Barcode Date last seen Date checked out Copy number Koha item type Method of acquisition Currency
Dewey Decimal Classification V-2     JCC Rouf Library JCC Rouf Library General Stacks 11/14/2017 450.00 12   891.44 IQB 2014 3927 11/28/2023 04/09/2020 C-1 Books    
Dewey Decimal Classification V-1     JCC Rouf Library JCC Rouf Library General Stacks   550.00 10   891.44 IQB 2014 8990 04/19/2020 04/07/2020 C - 2 Books    
Dewey Decimal Classification V-2     JCC Rouf Library JCC Rouf Library General Stacks   500.00 1   891.44 IQB 2020 19344 09/25/2024 09/08/2024 C-2 Books Purchase BDT

JCC Library | Contacts | JCC Home

Last Update on 23 September 2017
Copyright @ 2017-2020 JCC Rouf Library
Rouf Library, Jhenidah Cadet College (JCC), Bangladesh